000 00895nam a2200229Ii 4500
003 JO-AjNU
008 230605s9999||||xx |||||||||||||| ||und||
017 _a10544
020 _a977-308-044-7
040 _aJO-AjNU
_bara
_erda
_cJO-AjNU
041 _aara
050 1 4 _aPJ6131.A2722.2020
100 3 _aاعداد ابو السعود، ابو السعود سلامة؛ تقديم رمضان القسطاوي,
_eauthor
_961686
245 0 0 _aدليلك الى اللغة العربية: المنجد في الصرف
250 _aالطبعة الاولى
264 3 1 _aدسوق: دار العلم والايمان للنشر والتوزيع، 2020
300 _a120ص
_bيحتوي على فهرس من ص 117-ص120
336 _atext
_btxt
_2rdacontent
337 _aunmediated
_bn
_2rdamedia
338 _avolume
_bnc
_2rdacarrier
650 4 _aاللغة العربية-الصرف
_961687
999 _aA27896
_c31464
_d31464